000 00661nam a2200253Ia 4500
005 20260121154909.0
008 008 260114s9999 xx 000 0 eng d
020 _a9781351003384
037 _aEBOOK
040 _aCRL
040 _beng
040 _cCRL
041 _2eng
041 _aeng
084 _qCRL
100 _a Raisa Maria Toivo; Sari Katajala-Peltomaa
_91012854
245 0 _aLived Religion and Gender in Late Medieval and Early Modern Europe
260 _bTaylor and Francis
260 _c2021
856 _uhttp://www.taylorfrancis.com/books/9781351003384
942 _cEBOOK
999 _c1579673
_d1579673